Statistics for Countries Closest to the Aegean Sea

Click here to take the quiz!

General Stats

  • This quiz has been taken 33,511 times
  • The average score is 17 of 20

Answer Stats

km Country miles % Correct
0Greece0
99%
0Turkey0
98%
343Italy213
96%
403Croatia250
91%
396Cyprus246
91%
191Serbia119
90%
57North Macedonia36
90%
30Bulgaria19
89%
131Albania81
89%
293Romania182
88%
411Bosnia and Herzegovina255
88%
312Montenegro194
85%
386Egypt240
84%
209Kosovo130
83%
535Ukraine332
77%
547Moldova340
75%
637Hungary396
75%
289Libya180
74%
681Syria423
72%
699Russia434
71%

Score Distribution

Percentile by Number Answered

Percent of People with Each Score

Your Score History

You have not taken this quiz